<?xml version="1.0" encoding="UTF-8"?><?xml-stylesheet type="text/xsl" href="static/style.xsl"?><OAI-PMH xmlns="http://www.openarchives.org/OAI/2.0/" xmlns:xsi="http://www.w3.org/2001/XMLSchema-instance" xsi:schemaLocation="http://www.openarchives.org/OAI/2.0/ http://www.openarchives.org/OAI/2.0/OAI-PMH.xsd"><responseDate>2026-04-17T04:07:31Z</responseDate><request verb="GetRecord" identifier="oai:www.recercat.cat:10256/14894" metadataPrefix="marc">https://recercat.cat/oai/request</request><GetRecord><record><header><identifier>oai:recercat.cat:10256/14894</identifier><datestamp>2024-05-22T11:16:11Z</datestamp><setSpec>com_2072_452966</setSpec><setSpec>com_2072_2054</setSpec><setSpec>col_2072_452968</setSpec></header><metadata><record xmlns="http://www.loc.gov/MARC21/slim" xmlns:dcterms="http://purl.org/dc/terms/" xmlns:xsi="http://www.w3.org/2001/XMLSchema-instance" xmlns:doc="http://www.lyncode.com/xoai" xsi:schemaLocation="http://www.loc.gov/MARC21/slim http://www.loc.gov/standards/marcxml/schema/MARC21slim.xsd">
   <leader>00925njm 22002777a 4500</leader>
   <datafield ind2=" " ind1=" " tag="042">
      <subfield code="a">dc</subfield>
   </datafield>
   <datafield ind2=" " ind1=" " tag="720">
      <subfield code="a">Cárdenas del Río, Marcos</subfield>
      <subfield code="e">author</subfield>
   </datafield>
   <datafield ind2=" " ind1=" " tag="260">
      <subfield code="c">2017-06</subfield>
   </datafield>
   <datafield ind2=" " ind1=" " tag="520">
      <subfield code="a">En esta investigación se pretende explorar el terreno cambiante del género hoy día. ¿Qué es el género y qué es lo que lo determina? ¿Cómo puede ser el sexo de alguien al nacer (su anatomía) diferente que su identidad de género? Y ¿si los roles de género son rechazados por completo? ¿Qué pasa con las personas que no se consideran ni hombres ni mujeres? ¿A qué procesos están obligados a someterse las personas transexuales y bajo la custodia de quién? ¿Qué entes garantizan el cumplimiento de la norma?, ¿Cómo viven esas experiencias? Existe una gran parte de la sociedad que no se siente representada por los estándares del género impuestos en ninguna o alguna de sus variantes. Los estereotipos marcados para determinar claramente quien es hombre y quien es mujer se ven cuestionados por las circunstancias de una parte de la población mundial que no cumple con las expectativas del género. Existe una gran variedad de circunstancias donde se pueden conjugar las variables sexo anatómico, género, expresión de género y sexualidad, de la que resultan realidades diferentes a la realidad normativa impuesta. Me dispongo a hacer una revisión de los conceptos involucrados en la cuestión de las identidades trans, dar un paseo por la historia de la transexualidad, el origen de su consideración como trastorno, algunas teorías sobre el género y la relación con el rol que el facultativo ha asumido en la constante búsqueda de su causa y solución, para por último adentrarme en las experiencias de personas transexuales con los servicios médicos del territorio español, y así comprender mejor esta realidad</subfield>
   </datafield>
   <datafield ind1="8" ind2=" " tag="024">
      <subfield code="a">http://hdl.handle.net/10256/14894</subfield>
   </datafield>
   <datafield tag="653" ind2=" " ind1=" ">
      <subfield code="a">Orientació sexual</subfield>
   </datafield>
   <datafield tag="653" ind2=" " ind1=" ">
      <subfield code="a">Identitat sexual</subfield>
   </datafield>
   <datafield tag="653" ind2=" " ind1=" ">
      <subfield code="a">Gènere</subfield>
   </datafield>
   <datafield tag="653" ind2=" " ind1=" ">
      <subfield code="a">Canvi de sexe</subfield>
   </datafield>
   <datafield tag="653" ind2=" " ind1=" ">
      <subfield code="a">Transsexualitat</subfield>
   </datafield>
   <datafield tag="653" ind2=" " ind1=" ">
      <subfield code="a">Sexual orientation</subfield>
   </datafield>
   <datafield tag="653" ind2=" " ind1=" ">
      <subfield code="a">Gender identity</subfield>
   </datafield>
   <datafield tag="653" ind2=" " ind1=" ">
      <subfield code="a">Sex change</subfield>
   </datafield>
   <datafield tag="653" ind2=" " ind1=" ">
      <subfield code="a">Gender</subfield>
   </datafield>
   <datafield tag="653" ind2=" " ind1=" ">
      <subfield code="a">Transsexualism</subfield>
   </datafield>
   <datafield ind2="0" ind1="0" tag="245">
      <subfield code="a">La Transgresión de la norma de género: experiencias de las identidades “trans” con los Servicios de Salud</subfield>
   </datafield>
</record></metadata></record></GetRecord></OAI-PMH>